000
00341nam a2200145Ia 4500
008
150201s2002 xx 000 0 und d
082
_a
613.71
_b
T02K
100
_a
KISNER , CAROLYN
245
_a
THERAPCUTIC EXERCISE
250
_a
4TH
260
_b
JAYPEE
_a
INDIA
_c
2002
300
_a
1-844
650
_a
PHYSIOTHERAPY
942
_2
ddc
_c
BK
_0
23
999
_c
1477
_d
1477